000 00265nam a22001337a 4500
008 210521b ||||| |||| 00| 0 eng d
041 _aeng
080 _a94
082 _a94
100 _a16
101 _aSHH
245 _aLouis XIV
_cWolf,J.B
942 _2udc
_cBK
999 _c57562
_d57562